书目信息 |
| 题名: |
青春向未来
|
|
| 作者: | 梁国胜 , 周建松 主编 | |
| 分册: | ||
| 出版信息: | 北京 光明日报出版社 2022 |
|
| 页数: | 282页 | |
| 开本: | 24cm | |
| 丛书名: | 职教云地图文库 | |
| 单 册: | ||
| 中图分类: | G71-53 | |
| 科图分类: | ||
| 主题词: | 职业教育--文集 | |
| 电子资源: | ||
| ISBN: | 978-7-5194-6800-2 | |
| 000 | 00908nam0 2200253 450 | |
| 001 | 012163460 | |
| 005 | 20230323153705.0 | |
| 010 | @a978-7-5194-6800-2@dCNY49.80 | |
| 100 | @a20230224d2022 em y0chiy0120 ea | |
| 101 | 0 | @achi |
| 102 | @aCN@b110000 | |
| 105 | @ay z 000yy | |
| 106 | @ar | |
| 200 | 1 | @a青春向未来@9Qing Chun Xiang Wei Lai @e来自职业教育一线的思考@e2022@f梁国胜,周建松主编@b专著 |
| 210 | @a北京@c光明日报出版社@d2022 | |
| 215 | @a282页@d24cm | |
| 225 | 1 | @a职教云地图文库 |
| 330 | @a本书共五章,收录《踔厉奋发新时代 一起逐梦向未来》《做有理想、有技能的时代新人》《青春正当时 一起向未来》《奋斗本身就是幸福》《逐梦星辰大海 争做有为青年》等文章。 | |
| 606 | 0 | @a职业教育@j文集 |
| 690 | @aG71-53@v5 | |
| 701 | 0 | @a梁国胜@c(高等教育)@4主编@9liang guo sheng |
| 701 | 0 | @a周建松@f(1962~)@4主编@9zhou jian song |
| 801 | 0 | @aCN@bAzMarc@c20230504 |
| 905 | @aBZT@dG71-53@e2@f7@sG71-53/2 | |
| 青春向未来:来自职业教育一线的思考:2022/梁国胜,周建松主编.-北京:光明日报出版社,2022 |
| 282页;24cm.-(职教云地图文库) |
| ISBN 978-7-5194-6800-2:CNY49.80 |
| 本书共五章,收录《踔厉奋发新时代 一起逐梦向未来》《做有理想、有技能的时代新人》《青春正当时 一起向未来》《奋斗本身就是幸福》《逐梦星辰大海 争做有为青年》等文章。 |
| ● |
| 相关链接 |
|
|
|
正题名:青春向未来
索取号:G71-53/2
 
预约/预借
| 序号 | 登录号 | 条形码 | 馆藏地/架位号 | 状态 | 备注 |
| 1 | 2000026864 | 2000026864 | 旧书回溯/ [索取号:G71-53/2] | 在馆 | |
| 2 | 2000026888 | 2000026888 | 旧书回溯/ [索取号:G71-53/2] | 在馆 | |
| 3 | 2000026909 | 2000026909 | 旧书回溯/ [索取号:G71-53/2] | 在馆 | |
| 4 | 2000026910 | 2000026910 | 旧书回溯/ [索取号:G71-53/2] | 在馆 | |
| 5 | 2000026911 | 2000026911 | 旧书回溯/ [索取号:G71-53/2] | 在馆 | |
| 6 | 2000026912 | 2000026912 | 旧书回溯/ [索取号:G71-53/2] | 在馆 | |
| 7 | 2000026913 | 2000026913 | 旧书回溯/ [索取号:G71-53/2] | 在馆 |